Square roots 1 to 10,000 - Statistics

General Stats
  • This quiz has been taken 237 times
  • The average score is 50 of 100
Answer Stats
Hint Answer % Correct
1 1
68%
4 2
63%
36 6
63%
49 7
63%
1600 40
62%
10000 100
60%
144 12
60%
9 3
60%
100 10
59%
64 8
59%
6400 80
59%
8100 90
59%
3600 60
58%
4900 70
58%
81 9
58%
121 11
57%
169 13
57%
225 15
57%
400 20
57%
900 30
57%
25 5
57%
2500 50
57%
16 4
56%
441 21
55%
625 25
55%
196 14
54%
3721 61
54%
256 16
53%
289 17
53%
484 22
53%
529 23
53%
841 29
53%
1764 42
53%
361 19
52%
576 24
52%
676 26
52%
1024 32
52%
729 27
51%
784 28
51%
1089 33
51%
1681 41
51%
3025 55
51%
324 18
49%
961 31
49%
1225 35
49%
2025 45
49%
2304 48
49%
2601 51
49%
9025 95
49%
9801 99
49%
1444 38
48%
4761 69
48%
5041 71
48%
6241 79
48%
1296 36
47%
1521 39
47%
3136 56
47%
3364 58
47%
3481 59
47%
5329 73
47%
7921 89
47%
8281 91
47%
1369 37
46%
2116 46
46%
3844 62
46%
3969 63
46%
7225 85
46%
1849 43
45%
2209 47
45%
2704 52
45%
4096 64
45%
4225 65
45%
4356 66
45%
5929 77
45%
6561 81
45%
8649 93
45%
2401 49
44%
2916 54
44%
5184 72
44%
5625 75
44%
6724 82
44%
7569 87
44%
7744 88
44%
8464 92
44%
9604 98
44%
1156 34
43%
3249 57
43%
4489 67
43%
4624 68
43%
5776 76
43%
6889 83
43%
7056 84
43%
2809 53
42%
7396 86
42%
1936 44
41%
5476 74
41%
6084 78
41%
9409 97
41%
9216 96
38%
8836 94
37%
No matching quizzes found
Score Distribution
Percent of People with Each Score
Percentile by Number Answered
Your Score History
You have not taken this quiz